000
00186nam a22000857a 4500
001
1259010
005
20260413085933.0
245
_a
JURNAL
_c
CEMİL MERİÇ
260
_b
İLETİŞİM YAYINLARI
999
_c
1259010
_d
1259010